| 000 | 01294nam0a22003011 4500 | ||
|---|---|---|---|
| 001 | rc\4564782 | ||
| 005 | 20130416185311.5 | ||
| 021 |
_aRU _b68-88967 |
||
| 021 |
_aRU _bРг406-69 |
||
| 035 | _a(NLR Aleph) 008371459 | ||
| 090 |
_a9060512 _c9060512 |
||
| 100 | _a20130416d1968 |||y0rusy50 ca | ||
| 101 | 0 | _arus | |
| 102 | _aRU | ||
| 105 | _ay j ||||| | ||
| 200 | 1 |
_aРаспределение по труду. Общественные фонды потребления _eУчебное пособие _fРед. канд. экон. наук доц. полк. П.А. Леонтьев _gВоен. ордена Ленина Краснознам. акад. бронетанковых войск им. Маршала Советского Союза Малиновского Р.Я. |
|
| 210 |
_aМосква _cБ. и. _d1968 |
||
| 215 |
_a50 с. _d22 |
||
| 300 | _aПеред загл. авт.: доц. В.Г. Макушин | ||
| 300 | _aОтпеч. множит. аппаратом | ||
| 517 | 0 | _aОбщественные фонды потребления | |
| 700 | 1 |
_aМакушин _bВ. Г. _gВиктор Георгиевич |
|
| 702 | 1 |
_aЛеонтьев _bП. А. _4340 |
|
| 801 | 0 |
_aRU _bNLR _gpsbo |
|
| 801 | 1 |
_aRU _bELAR _2rusmarc |
|
| 852 |
_aNLR _j69-6/82 |
||
| 942 | _cBOOK | ||
| 980 | _aNB | ||